Наследие В. Г. Короленко. Стратегии гуманизма (Запись № 11633661)

Подробности
000 -МАРКЕР
контрольное поле 03009nam0a2200421 4500
001 - ИДЕНТИФИКАТОР ЗАПИСИ
контрольное поле RU\NLR\BIBL_A\012047526
005 - ИДЕНТИФИКАТОР ВЕРСИИ
контрольное поле 20191127171753.0
010 ## - МЕЖДУНАРОДНЫЙ СТАНДАРТНЫЙ НОМЕР КНИГИ (ISBN)
Номер (ISBN) 978-5-91326-512-8
Тираж 100
021 ## - НОМЕР ГОСУДАРСТВЕННОЙ РЕГИСТРАЦИИ
Код страны Российская Федерация
Номер КН-П-19-039955
Номер Листа государственной регистраци КН-П-19-2930
035 ## - ДРУГИЕ СИСТЕМНЫЕ НОМЕРА
Идентификатор записи (NLR Aleph) 012047526
035 ## - ДРУГИЕ СИСТЕМНЫЕ НОМЕРА
Идентификатор записи (RuMoRGB)009996343
100 ## - ДАННЫЕ ОБЩЕЙ ОБРАБОТКИ
Данные общей обработки 20190627d2019 k y0rusy50 ca
101 0# - ЯЗЫК РЕСУРСА
Язык текста, звукозаписи и т.д. русский
102 ## - СТРАНА ПУБЛИКАЦИИ ИЛИ ПРОИЗВОДСТВА
Страна публикации Российская Федерация
105 ## - ПОЛЕ КОДИРОВАННЫХ ДАННЫХ: ТЕКСТОВЫЕ МАТЕРИАЛЫ, МОНОГРАФИЧЕСКИЕ
Кодированные данные о монографическом текстовом документе y|||z|||100zy
200 1# - ЗАГЛАВИЕ И СВЕДЕНИЯ ОБ ОТВЕТСТВЕННОСТИ
Основное заглавие Наследие В. Г. Короленко. Стратегии гуманизма
Сведения, относящиеся к заглавию сборник материалов Второй Всероссийской научно-практической конференции с международным участием, Нижний Новгород, 16-17 апреля 2019 г.
Первые сведения об ответственности Министерство культуры Нижегородской области, Институт международных отношений и мировой истории ННГУ им. Н. И. Лобачевского, Нижегородская государственная библиотека им. В. И. Ленина, Нижегородский государственный историко-архитектурный музей заповедник
Последующие сведения об ответственности [под редакцией А. Н. Фортунатова]
210 ## - ПУБЛИКАЦИЯ, РАСПРОСТРАНЕНИЕ И ДР.
Место издания, распространения и т.д. Нижний Новгород
Имя издателя, распространителя и т. д. Изд-во ННГУ
Дата издания, распространения и т.д. 2019
215 ## - ФИЗИЧЕСКАЯ ХАРАКТЕРИСТИКА
Специфическое обозначение материала и объем 298 с.
Размеры 21
320 ## - ПРИМЕЧАНИЯ О НАЛИЧИИ В ДОКУМЕНТЕ БИБЛИОГРАФИИ / УКАЗАТЕЛЯ
Текст примечания Библиогр. в конце ст. и в подстроч. примеч.
517 1# - ДРУГИЕ ВАРИАНТЫ ЗАГЛАВИЯ
Вариант заглавия Стратегии гуманизма
600 #1 - ИМЯ ЛИЦА КАК ПРЕДМЕТ
Начальный элемент ввода Короленко
Часть имени, кроме начального элемента ввода В.Г.
Даты 1853 - 1921
Расширение инициалов личного имени Владимир Галактионович
Формальный подзаголовок Съезды, совещания и т.п
Системный номер авторитетной/нормативной записи 1500741
Идентификатор авторитетной/нормативной записи RU\NLR\AUTH\66650568
606 1# - НАИМЕНОВАНИЕ ТЕМЫ КАК ПРЕДМЕТ
Наименование темы Гуманизм
Формальный подзаголовок Съезды, совещания и т.п
Тематический подзаголовок Социальный аспект
Системный номер авторитетной/нормативной записи 2274176
Идентификатор авторитетной/нормативной записи RU\NLR\AUTH\6601591620
606 1# - НАИМЕНОВАНИЕ ТЕМЫ КАК ПРЕДМЕТ
Наименование темы Политология
Формальный подзаголовок Съезды, совещания и т.п
Системный номер авторитетной/нормативной записи 1294414
Идентификатор авторитетной/нормативной записи RU\NLR\AUTH\66217824
686 1# - ИНДЕКСЫ ДРУГИХ КЛАССИФИКАЦИЙ
Индекс С550.76я431
686 1# - ИНДЕКСЫ ДРУГИХ КЛАССИФИКАЦИЙ
Индекс Ф01я431
686 2# - ИНДЕКСЫ ДРУГИХ КЛАССИФИКАЦИЙ
Индекс Ш5(2=Р)53-4Короленко
702 #1 - ИМЯ ЛИЦА - ВТОРИЧНАЯ ОТВЕТСТВЕННОСТЬ
Начальный элемент ввода Фортунатов
Часть имени, кроме начального элемента ввода А. Н.
Даты 1967-
Расширение инициалов личного имени Антон Николаевич
Код отношения Редактор
702 #1 - ИМЯ ЛИЦА - ВТОРИЧНАЯ ОТВЕТСТВЕННОСТЬ
Код отношения Прочие
Графика поля Кириллица
Материалы, к которым относится поле rus
Начальный элемент ввода Короленко
Часть имени, кроме начального элемента ввода В. Г.
Даты 1853-1921
Расширение инициалов личного имени Владимир Галактионович
Системный номер авторитетной/нормативной записи 520
Идентификатор авторитетной/нормативной записи RU\NLR\AUTH\7717433
711 12 - НАИМЕНОВАНИЕ ОРГАНИЗАЦИИ - АЛЬТЕРНАТИВНАЯ ОТВЕТСТВЕННОСТЬ
Начальный элемент ввода "Наследие В. Г. Короленко. Стратегии гуманизма", всероссийская научно-практическая конференция с международным участием
Порядковый номер временной организации и / или порядковый номер ее части 2
Место проведения временной организации Нижний Новгород
Дата проведения временной организации 2019
Системный номер авторитетной/нормативной записи 592770
Идентификатор авторитетной/нормативной записи RU\NLR\AUTH\880465132
712 01 - НАИМЕНОВАНИЕ ОРГАНИЗАЦИИ - ВТОРИЧНАЯ ОТВЕТСТВЕННОСТЬ
Код отношения Прочие
Начальный элемент ввода Нижегородская область
Структурное подразделение Министерство культуры
Системный номер авторитетной/нормативной записи 652377
Идентификатор авторитетной/нормативной записи RU\NLR\AUTH\880496206
942 ## - ДОПОЛНИТЕЛЬНЫЕ ЭЛЕМЕНТЫ ЗАПИСИ (АБИС)
Тип экземпляра АБИС Книга
980 ## - КОЛЛЕКЦИЯ
Название коллекции НБР
980 ## - КОЛЛЕКЦИЯ
Название коллекции Национальная библиография

Нет доступных экземпляров.